|
|
|
|
| LEADER |
00000nam a2200000 a 4500 |
| 001 |
vtls001325510 |
| 003 |
SK-MaSNL |
| 005 |
20260301005547.0 |
| 008 |
240318s1997 xo ap r yy slo |
| 015 |
|
|
|a SNBA1998/07-02389
|
| 020 |
|
|
|a 8088870062
|
| 035 |
|
|
|a SNK000278264
|
| 035 |
|
|
|a urn:nbn:sk:snk-amtjh8
|
| 035 |
|
|
|a urn:nbn:sk:snk-am00c68z
|
| 035 |
|
|
|a 6E2F2150-188C-4076-A0DA-80F535D49A9E
|
| 040 |
|
|
|a SNK
|b slo
|c SNK
|e AACR2
|
| 041 |
0 |
|
|a slo
|
| 044 |
|
|
|a xo
|c SK
|
| 080 |
|
|
|a 334
|2 1981
|
| 100 |
1 |
|
|a Šúbertová, Elena,
|d 1954-2018
|4 aut
|9 198145
|
| 245 |
1 |
0 |
|a Súbor prednášok z družstevníctva
|c Elena Šúbertová
|
| 260 |
|
|
|a Bratislava
|b Kartprint
|c 1997
|
| 300 |
|
|
|a 122 s.
|b tab.
|c 29 cm
|
| 500 |
|
|
|a Ilustr. na tit. strane
|
| 504 |
|
|
|a Bibliogr. s. 112-113
|
| 650 |
0 |
7 |
|a družstevníctvo
|x prednášky
|2 SNK
|9 290050
|
| 655 |
|
7 |
|a príručky
|2 SNK
|9 74364
|
| 919 |
|
|
|a 80-88870-06-2
|
| 958 |
|
|
|a TL
|
| 958 |
|
|
|a NB
|
| 999 |
|
|
|c 545539
|d 547469
|
| 952 |
|
|
|t P60, <09>, [BOOK], {629}
|a SNK
|b SNK
|y NEVYP
|7 0
|o snkB 162
|i snk588/980325
|0 0
|1 0
|4 0
|d 1998-03-24
|l 0
|r 2005-01-02 00:00:00
|w 2026-02-23
|
| 952 |
|
|
|t P60, <03>, [BOOK], {603}
|a SNK
|b SNK
|y PREZ
|7 0
|p 17A0130050
|o snkSB 58449
|i snkKSP 3167/98
|0 0
|1 0
|4 0
|d 1998-03-24
|f 1
|l 0
|r 2017-06-30 00:00:00
|w 2026-02-23
|
| 952 |
|
|
|t P60, <04>, [BOOK], {604}
|a SNK
|b SNK
|y VYP
|7 0
|p 17A0130051
|o snkSB 58449 D1
|i snkKSP 3168/98
|0 0
|1 0
|4 0
|d 1998-03-24
|l 0
|r 2005-01-02 00:00:00
|w 2026-02-23
|